000 00909cam a2200229 4500
001 ABS63909
008 000000n2001 000 0 eng u
035 _a(Sirsi) u112170
100 _aPartridge, C.
245 _aSeek relief wherever it is given
260 _c2001
490 _aEstates Gazette
_v(0114) 7 April 2001, 137(1)
520 _aDescribes the difficulties businesses may have in gaining rating compensation as a result of the the foot and mouth epidemic. For example, there are initial difficulties with the starting date of the disease giving little time to lodge an appeal. Discusses other help available such as hardship or discretionary relief.
590 _aABS
650 _aFOOT-AND-MOUTH DISEASE
650 _aVALUATION OFFICERS
650 _aHARDSHIP RELIEF
650 _aDISCRETIONARY RELIEF
650 _aRATE RELIEF
690 _aRATING AND LOCAL TAXATION
942 _n0
999 _c66806
_d66806